Statistics for Countries with unarmed police officers

Click here to take the quiz!

General Stats

  • This quiz has been taken 45 times
  • The average score is 9 of 16

Answer Stats

PopulationAnswer% Correct
67'220'000United Kingdom (excl. Northern Ireland)
92%
5'048'000Ireland
78%
366'400Iceland
68%
5'084'000New Zealand
68%
5'379'000Norway
68%
896'500Fiji
54%
119'400Kiribati
54%
10'800Nauru
54%
198'400Samoa
54%
59'000Marshall Islands
49%
686'900Solomon Islands
49%
105'700Tonga
49%
11'800Tuvalu
49%
307'100Vanuatu
43%
19'300'000Malawi
16%
2'352'000Botswana
14%

Score Distribution

Percentile by Number Answered

Percent of People with Each Score

Your Score History

You have not taken this quiz